Nuevas plantas chilenas

Saved in:
書目詳細資料
主要作者: Philippi, Rodulfo Amando (Author)
格式: 圖書
語言:西班牙语
出版: Santiago Imprenta Cervantes 1890
版:1a. ed
主題:
標簽: 添加標簽
沒有標簽, 成為第一個標記此記錄!

MARC

LEADER 00000nam a2200000 a 4500
001 UCJ7237
003 CL-VaPUC
008 070124e18900000CL |||||||||||||||||spa|d
082 0 4 |a 581  |b PHI  |2 21 
100 0 |a Philippi, Rodulfo Amando  |e author  |9 505016 
245 1 0 |a Nuevas plantas chilenas 
250 |a 1a. ed 
300 |a 362 p 
942 |c BK 
945 |d 20070124 00:00:00  |a rinostro 
260 |a Santiago  |b Imprenta Cervantes  |c 1890 
500 |a 6 láminas fuera de texto 
650 0 |a Botánica  |9 264202 
650 7 |a FLORA  |2 CL-VaPUC  |9 264745 
650 7 |a SISTEMATICA  |2 CL-VaPUC  |9 505975 
650 0 |a Ilustraciones  |9 369481 
583 |a last modification  |c 20070124 00:00:00  |k Rodrigo Vera 
999 |c 323333  |d 323331 
952 |0 0  |1 0  |4 0  |6 581_000000000000000_PHI_1890  |7 0  |8 X  |9 402839  |a FDOBUD  |b FDOBUD  |d 2019-11-22  |i 1044117  |o 581 PHI 1890  |p 1044117  |r 2019-11-22  |w 2019-11-22  |y BK_X  |k BUD